000 00437nam a2200181Ia 4500
005 20250423100116.0
008 250422s9999 xx 000 0 und d
020 _a0-19-512573-8
050 _aHF 5415 .J33/
100 _aJagpal, Sharam
245 0 _aMarketing strategy and uncertainty
260 _aNew York
260 _bOxford University Press Inc
260 _c1999
300 _a328 p
650 _aMarketing
942 _cBK
999 _c32310
_d32310